[Event "USA tt"]
[Site "ICC INT"]
[Date "2007.10.31"]
[Round "10"]
[White "Bapat, Udayan"]
[Black "Wheeler, Jerry"]
[Result "1/2-1/2"]
[WhiteElo "2096"]
[BlackElo "2155"]
[PlyCount "149"]
[EventDate "2007.08.29"]
[EventType "team"]
[EventRounds "10"]
[EventCountry "USA"]
[SourceTitle "EXT 2008"]
[Source "ChessBase"]
[SourceDate "2007.11.25"]
[SourceVersion "1"]
[SourceVersionDate "2007.11.25"]
[SourceQuality "1"]

1. e4 c5 2. Nf3 Nc6 3. Bb5 g6 4. 0-0 Bg7 5. d3 Na5 6. c3 a6 7. Bc4 Nxc4 8. dxc4 d6 9. Bf4 Nf6 10. Qd3 0-0 11. Na3 Qb6 12. Rab1 Qc6 13. Rfe1 Bd7 14. Nc2 b5 15. Ne3 bxc4 16. Nxc4 a5 17. Rbd1 Qa6 18. e5 Bf5 19. Qe2 Nh5 20. Bg5 Be6 21. b3 Bxc4 22. Qxc4 Qxc4 23. bxc4 dxe5 24. g4 Nf4 25. Bxf4 exf4 26. Rxe7 Bxc3 27. Rd5 Rab8 28. Re2 Rbc8 29. Kg2 Rfd8 30. Rc2 Bb4 31. Ng5 Rxd5 32. cxd5 Rd8 33. Ne4 Kg7 34. d6 f5 35. gxf5 gxf5 36. Nxc5 Rxd6 37. Nb3 Rd3 38. Nc5 f3+ 39. Kg3 Rd5 40. Ne6+ Kf6 41. Nf4 Rd6 42. Kxf3 Rd1 43. Rc6+ Ke5 44. Ra6 Ra1 45. Re6+ Kd4 46. Re2 Kc4 47. Ng2 Bc5 48. Ne3+ Bxe3 49. fxe3 Kd3 50. Rb2 Rf1+ 51. Kg2 Re1 52. Kf2 Rc1 53. Kf3 Rf1+ 54. Kg2 Rc1 55. Kf3 Kc3 56. Rb5 a4 57. Rc5+ Kb2 58. Rxc1 Kxc1 59. Kf4 Kb2 60. Kxf5 Kxa2 61. e4 Kb3 62. e5 a3 63. e6 a2 64. e7 a1Q 65. e8Q Qf1+ 66. Kg5 Qg2+ 67. Kf5 Qh3+ 68. Kg5 Qxh2 69. Qh5 Qd2+ 70. Kf6 Qd4+ 71. Kf7 Qh8 72. Qf3+ Kc4 73. Qf6 Qxf6+ 74. Kxf6 Kd5 75. Kg5 1/2-1/2

[Event "IND-ch U20"]
[Site "Sivakasi"]
[Date "1999.??.??"]
[Round "5"]
[White "Neelotpal, Das"]
[Black "Bapat, Udayan"]
[Result "1-0"]
[WhiteElo "2422"]
[BlackElo "2106"]
[PlyCount "65"]
[EventDate "1999.12.24"]
[EventType "swiss"]
[EventRounds "9"]
[EventCountry "IND"]
[EventCategory "1"]
[SourceTitle "EXT 2001"]
[Source "ChessBase"]
[SourceDate "2000.11.22"]
[SourceVersion "1"]
[SourceVersionDate "2000.11.22"]
[SourceQuality "1"]

1. d4 Nf6 2. Nf3 c5 3. c3 cxd4 4. cxd4 g6 5. Nc3 Bg7 6. e4 d6 7. h3 0-0 8. Be2 Nc6 9. d5 Nb8 10. 0-0 b6 11. Bg5 h6 12. Bh4 Nh5 13. Nd4 Nf4 14. Qd2 Bxd4 15. Qxf4 g5 16. Qd2 Bxc3 17. bxc3 gxh4 18. Qxh6 e6 19. dxe6 fxe6 20. Qg6+ Kh8 21. Qh6+ Kg8 22. Qg6+ Kh8 23. e5 Qe7 24. exd6 Qh7 25. Qxh7+ Kxh7 26. Bd3+ Kg7 27. Be4 Ba6 28. Bxa8 Bxf1 29. Kxf1 Nd7 30. Bc6 Ne5 31. Bb5 Rd8 32. Rd1 Kf6 33. Rd4 1-0